| 000 | 00410nam a22001577a 4500 | ||
|---|---|---|---|
| 003 | SGT | ||
| 020 | _a9788131256534 | ||
| 082 |
_a617.6342 _bP19G |
||
| 100 | _aGopikrishna | ||
| 245 | _aPreclinical Manual of Conservative Dentistry and Endodontics | ||
| 250 | _a3RD | ||
| 260 |
_aNEW DELHI _bRelx India Pvt. Ltd, ELSEVIER _c2019 |
||
| 300 | _a1-449 | ||
| 650 | _aConservative Dentistry | ||
| 942 |
_2ddc _cBK _09 |
||
| 999 |
_c20842 _d20842 |
||